000 00366nam a2200133Ia 4500
008 240624s9999 xx 000 0 und d
041 _aeng
082 _a200 PAR
100 _aPARPOLA ASKO
245 _aROOTS OF HINDUISM THE EARLY ARYANS AND T
260 _c2015
_aNew Delhi
_bOxford University Publishers
300 _axvi, : 363 : p. : cm. ; 25
365 _cRS
_b31
999 _c27027
_d27027